[Event "Bhubaneswar op 16th"]
[Site "Bhubaneswar"]
[Date "2025.05.09"]
[Round "1"]
[White "Venkatesh, Das"]
[Black "Kaustuv, Kundu"]
[Result "0-1"]
[WhiteElo "1995"]
[BlackElo "2390"]
[PlyCount "66"]
[EventDate "2025.05.09"]
[EventType "swiss"]
[EventRounds "10"]
[EventCountry "IND"]
[SourceTitle "CB21_2025"]
[SourceDate "2025.05.21"]
[SourceVersion "1"]
[SourceVersionDate "2025.05.21"]
[SourceQuality "1"]

1. e4 e5 2. Nf3 Nc6 3. Bc4 Nf6 4. d3 h6 5. c3 d6 6. a4 g6 7. Nbd2 Bg7 8. Nf1 d5 9. exd5 Nxd5 10. a5 0-0 11. Ng3 b6 12. axb6 Nxb6 13. Ba2 a5 14. Be3 Ba6 15. Qd2 Bxd3 16. 0-0-0 Bc4 17. Bxc4 Nxc4 18. Qe2 Nd6 19. Ne4 Qb8 20. Nxd6 cxd6 21. Qd2 e4 22. Ne1 Ne5 23. Bd4 a4 24. Bxe5 Bxe5 25. Nc2 Rc8 26. Na3 Qb3 27. Qc2 Rxc3 28. bxc3 Bf4+ 29. Rd2 Qxa3+ 30. Kd1 Rc8 31. Qb2 Rxc3 32. Qb1 Bxd2 33. Kxd2 Rb3 0-1

[Event "IND-ch 61st"]
[Site "Gurugram"]
[Date "2024.08.17"]
[Round "1"]
[White "Venkatesh, Das"]
[Black "Sethuraman, SP."]
[Result "0-1"]
[WhiteElo "1801"]
[BlackElo "2571"]
[PlyCount "128"]
[EventDate "2024.08.17"]
[EventType "swiss"]
[EventRounds "11"]
[EventCountry "IND"]
[SourceTitle "EXT 2025"]
[Source "ChessBase"]
[SourceDate "2024.10.14"]
[SourceVersion "1"]
[SourceVersionDate "2024.10.14"]
[SourceQuality "1"]

1. e4 c5 2. c3 d5 3. exd5 Qxd5 4. d4 Nf6 5. Nf3 e6 6. Be3 Nc6 7. dxc5 Qxd1+ 8. Kxd1 Ng4 9. b4 a5 10. b5 Nxe3+ 11. fxe3 Nb8 12. c6 bxc6 13. bxc6 Nxc6 14. Bb5 Bd7 15. Ke2 Rc8 16. Rd1 Nb8 17. Rxd7 Nxd7 18. Ne5 Rc5 19. Bxd7+ Ke7 20. Nd3 Kxd7 21. Nxc5+ Bxc5 22. Nd2 Bd6 23. g3 h5 24. Nc4 Bc7 25. h3 g5 26. e4 Bxg3 27. Nxa5 g4 28. hxg4 hxg4 29. Rg1 Rh2+ 30. Kd3 Rh3 31. Kc2 f5 32. exf5 exf5 33. Nc4 Ke6 34. Kb3 Bf2 35. Rd1 g3 36. Rd6+ Ke7 37. Rd3 g2 38. Rxh3 g1Q 39. a4 Qd1+ 40. Kb4 Qb1+ 41. Ka5 f4 42. Rh5 Qb3 43. Rh7+ Kf6 44. Rc7 f3 45. Rc6+ Kf5 46. Nd6+ Ke5 47. Nb5 Be3 48. Rc8 f2 49. Re8+ Qe6 50. Rxe6+ Kxe6 51. Nc7+ Kd6 52. Nb5+ Kd7 53. Kb4 f1Q 54. a5 Qb1+ 55. Kc4 Qf1+ 56. Kb4 Kc6 57. c4 Bd2+ 58. Ka3 Qxc4 59. Na7+ Kb7 60. a6+ Kxa7 61. Kb2 Qc3+ 62. Ka2 Qb4 63. Ka1 Bc3+ 64. Ka2 Qb2# 0-1

[Event "Bhubaneswar op-A 14th"]
[Site "Bhubaneswar"]
[Date "2023.06.17"]
[Round "9"]
[White "Singla, Aaryan"]
[Black "Venkatesh, Das"]
[Result "1-0"]
[WhiteElo "1630"]
[BlackElo "1384"]
[PlyCount "53"]
[EventDate "2023.06.11"]
[EventType "swiss"]
[EventRounds "10"]
[EventCountry "IND"]
[SourceTitle "CBM 214 Extra"]
[Source "ChessBase"]
[SourceDate "2023.07.31"]
[SourceVersion "1"]
[SourceVersionDate "2023.07.31"]
[SourceQuality "1"]

1. d4 Nf6 2. c4 e6 3. Nc3 d5 4. Bg5 Bb4 5. e3 c6 6. Bd3 h6 7. Bh4 Bd6 8. Nge2 Nbd7 9. cxd5 exd5 10. f3 Qb6 11. Qc2 g5 12. Bf2 c5 13. 0-0-0 c4 14. Bf5 Qc6 15. e4 Bc7 16. Nxd5 Nxd5 17. exd5 Qxd5 18. Rhe1 0-0 19. Nc3 Qa5 20. d5 Nc5 21. Bh7+ Kh8 22. Bd4+ f6 23. Qg6 Bf5 24. Bxf6+ Rxf6 25. Qxf6+ Kxh7 26. Re7+ Kg8 27. Qg7# 1-0